<?xml version="1.0" encoding="UTF-8"?>
<collection xmlns="http://www.loc.gov/MARC21/slim">
 <record>
  <leader>01993aam a22002298a 4500</leader>
  <controlfield tag="001">NCT_25930</controlfield>
  <controlfield tag="008">090916s2009                  ||||||viesd</controlfield>
  <datafield tag="999" ind1=" " ind2=" ">
   <subfield code="c">1240</subfield>
   <subfield code="d">1240</subfield>
  </datafield>
  <datafield tag="020" ind1=" " ind2=" ">
   <subfield code="c">84000</subfield>
  </datafield>
  <datafield tag="082" ind1="0" ind2="4">
   <subfield code="2">23rd ed.</subfield>
   <subfield code="a">721</subfield>
   <subfield code="b">K.305</subfield>
  </datafield>
  <datafield tag="245" ind1="1" ind2="0">
   <subfield code="a">Cấu tạo kiến trúc</subfield>
   <subfield code="c">Bộ xây dựng</subfield>
  </datafield>
  <datafield tag="250" ind1=" " ind2=" ">
   <subfield code="a">Tái bản</subfield>
  </datafield>
  <datafield tag="260" ind1=" " ind2=" ">
   <subfield code="a">H.</subfield>
   <subfield code="b">Xây dựng</subfield>
   <subfield code="c">2013</subfield>
  </datafield>
  <datafield tag="300" ind1=" " ind2=" ">
   <subfield code="a">189 tr.</subfield>
   <subfield code="b">minh họa</subfield>
   <subfield code="c">31 cm</subfield>
  </datafield>
  <datafield tag="520" ind1="3" ind2=" ">
   <subfield code="a">Cuốn sách này sẽ giúp cho sinh viên, kiến trúc sư kỹ sư xây dựng mới vào nghề nhanh chóng làm quen với các thiết bị cấu tạo kiến trúc điển hình khi thiết kế các công trình đầu tay và đỡ mất nhiều thời gian trong vấn đề giải quyết những chi tiết cấu tạo thông thường để tập trung cho việc sáng tạo tổng thể công trình. Ngoài ra cuốn sách còn giúp cho mọi đối tượng khác nhau muốn tìm hiểu về cấu tạo kiến trúc để có thể tự quyết đinh trong việc thiết kế, sửa chữa hoặc xây dựng mới công trình, nhà ở cho bản thân mình</subfield>
  </datafield>
  <datafield tag="653" ind1=" " ind2=" ">
   <subfield code="a">Kiến trúc</subfield>
  </datafield>
  <datafield tag="942" ind1=" " ind2=" ">
   <subfield code="2">ddc</subfield>
   <subfield code="c">BK</subfield>
  </datafield>
  <datafield tag="952" ind1=" " ind2=" ">
   <subfield code="0">0</subfield>
   <subfield code="1">0</subfield>
   <subfield code="2">ddc</subfield>
   <subfield code="4">0</subfield>
   <subfield code="6">721_000000000000000_A107</subfield>
   <subfield code="7">0</subfield>
   <subfield code="9">9301</subfield>
   <subfield code="a">000001</subfield>
   <subfield code="b">000001</subfield>
   <subfield code="d">2018-06-01</subfield>
   <subfield code="l">4</subfield>
   <subfield code="o">721 A107</subfield>
   <subfield code="p">MD.08478</subfield>
   <subfield code="r">2021-04-22</subfield>
   <subfield code="s">2021-04-09</subfield>
   <subfield code="v">84000.00</subfield>
   <subfield code="w">2018-06-01</subfield>
   <subfield code="y">BK</subfield>
  </datafield>
  <datafield tag="952" ind1=" " ind2=" ">
   <subfield code="0">0</subfield>
   <subfield code="1">0</subfield>
   <subfield code="2">ddc</subfield>
   <subfield code="4">0</subfield>
   <subfield code="6">721_000000000000000_A107</subfield>
   <subfield code="7">0</subfield>
   <subfield code="9">9302</subfield>
   <subfield code="a">000001</subfield>
   <subfield code="b">000001</subfield>
   <subfield code="d">2018-06-01</subfield>
   <subfield code="l">1</subfield>
   <subfield code="o">721 A107</subfield>
   <subfield code="p">MD.08844</subfield>
   <subfield code="q">2021-05-10</subfield>
   <subfield code="r">2021-04-26</subfield>
   <subfield code="s">2021-04-26</subfield>
   <subfield code="v">84000.00</subfield>
   <subfield code="w">2018-06-01</subfield>
   <subfield code="y">BK</subfield>
  </datafield>
  <datafield tag="952" ind1=" " ind2=" ">
   <subfield code="0">0</subfield>
   <subfield code="1">0</subfield>
   <subfield code="2">ddc</subfield>
   <subfield code="4">0</subfield>
   <subfield code="6">721_000000000000000_A107</subfield>
   <subfield code="7">0</subfield>
   <subfield code="9">9303</subfield>
   <subfield code="a">000001</subfield>
   <subfield code="b">000001</subfield>
   <subfield code="d">2018-06-01</subfield>
   <subfield code="l">1</subfield>
   <subfield code="o">721 A107</subfield>
   <subfield code="p">MD.08845</subfield>
   <subfield code="r">2020-03-19</subfield>
   <subfield code="s">2020-03-07</subfield>
   <subfield code="v">84000.00</subfield>
   <subfield code="w">2018-06-01</subfield>
   <subfield code="y">BK</subfield>
  </datafield>
  <datafield tag="952" ind1=" " ind2=" ">
   <subfield code="0">0</subfield>
   <subfield code="1">0</subfield>
   <subfield code="2">ddc</subfield>
   <subfield code="4">0</subfield>
   <subfield code="6">721_000000000000000_A107</subfield>
   <subfield code="7">0</subfield>
   <subfield code="9">9304</subfield>
   <subfield code="a">000001</subfield>
   <subfield code="b">000001</subfield>
   <subfield code="d">2018-06-01</subfield>
   <subfield code="o">721 A107</subfield>
   <subfield code="p">MD.08846</subfield>
   <subfield code="r">2018-06-01</subfield>
   <subfield code="v">84000.00</subfield>
   <subfield code="w">2018-06-01</subfield>
   <subfield code="y">BK</subfield>
  </datafield>
  <datafield tag="980" ind1=" " ind2=" ">
   <subfield code="a">Thư viện Trường Đại học Nam Cần Thơ</subfield>
  </datafield>
 </record>
</collection>
